[Event "Niedersachsen-ch"]
[Site "Verden"]
[Date "2023.01.07"]
[Round "6"]
[White "Nuerenberg, Marius"]
[Black "Von Estorff, Jacob"]
[Result "0-1"]
[WhiteElo "1677"]
[BlackElo "2151"]
[PlyCount "64"]
[EventDate "2023.01.05"]
[EventType "swiss"]
[EventRounds "7"]
[EventCountry "GER"]
[SourceTitle "CBM 212 Extra"]
[Source "ChessBase"]
[SourceDate "2023.03.31"]
[SourceVersion "1"]
[SourceVersionDate "2023.03.31"]
[SourceQuality "1"]

1. e4 c5 2. Nf3 Nc6 3. d4 cxd4 4. Nxd4 g6 5. Nc3 Bg7 6. Be3 Nf6 7. Nxc6 bxc6 8. e5 Nd5 9. Nxd5 cxd5 10. Qxd5 Rb8 11. 0-0-0 Bb7 12. Qd4 0-0 13. Qxa7 Bxe5 14. Bd4 Bf4+ 15. Be3 Be5 16. Bd4 Qc7 17. Bxe5 Qxe5 18. Qd4 Qa5 19. Bc4 Bxg2 20. Rhg1 Bh3 21. Rg3 Bf5 22. h4 Rfc8 23. h5 e5 24. Qh4 Qxa2 25. hxg6 hxg6 26. Bd3 Qxb2+ 27. Kd2 Bxd3 28. Rxd3 Rxc2+ 29. Ke3 Re2+ 30. Kf3 e4+ 31. Kg2 exd3 32. Rxd3 Rxf2+ 0-1

[Event "GER-chT U20"]
[Site "Kiel"]
[Date "2022.07.23"]
[Round "1.6"]
[White "Renk, Jonas"]
[Black "Von Estorff, Jacob"]
[Result "0-1"]
[WhiteElo "1897"]
[BlackElo "2164"]
[PlyCount "62"]
[EventDate "2022.07.22"]
[EventType "team-swiss"]
[EventRounds "7"]
[EventCountry "GER"]
[SourceTitle "CBM 209 Extra"]
[Source "ChessBase"]
[SourceDate "2022.09.30"]
[SourceVersion "1"]
[SourceVersionDate "2022.09.30"]
[SourceQuality "1"]
[WhiteTeam "Langen"]
[BlackTeam "Uelzen Post"]
[WhiteTeamCountry "GER"]
[BlackTeamCountry "GER"]

1. Nc3 d5 2. e4 d4 3. Nce2 c5 4. d3 Nc6 5. g3 e5 6. Bg2 Bd6 7. f4 Bg4 8. h3 Bxe2 9. Nxe2 exf4 10. Nxf4 Nge7 11. 0-0 Ne5 12. Kh2 Qc7 13. c3 0-0 14. Bd2 Rad8 15. Rc1 dxc3 16. bxc3 Nxd3 17. Rb1 Be5 18. Qe2 c4 19. Rf3 b6 20. Rbf1 Rd6 21. Nxd3 Rxd3 22. Rxd3 cxd3 23. Qxd3 Rd8 24. Qf3 Bxg3+ 25. Kh1 f6 26. Rd1 Qd6 27. Be1 Qxd1 28. Qxg3 Ng6 29. Kh2 Qd6 30. Bf2 Qxg3+ 31. Kxg3 Rd3+ 0-1

[Event "GER-chT U20"]
[Site "Willingen"]
[Date "2021.06.26"]
[Round "5"]
[White "Kamp, Adrian"]
[Black "Von Estorff, Jacob"]
[Result "0-1"]
[WhiteElo "1982"]
[BlackElo "2125"]
[PlyCount "134"]
[EventDate "2021.06.24"]
[EventType "team-swiss"]
[EventRounds "7"]
[EventCountry "GER"]
[SourceTitle "CBM 203 Extra"]
[Source "ChessBase"]
[SourceDate "2021.09.30"]
[SourceVersion "1"]
[SourceVersionDate "2021.09.30"]
[SourceQuality "1"]
[WhiteTeam "Muenster"]
[BlackTeam "Uelzen Post"]
[WhiteTeamCountry "GER"]
[BlackTeamCountry "GER"]

1. e4 c5 2. d4 cxd4 3. c3 d3 4. Bxd3 Nc6 5. c4 d6 6. h3 g6 7. Nf3 Bg7 8. 0-0 Nf6 9. Nc3 0-0 10. Bf4 Nd7 11. Rc1 Nde5 12. Nxe5 Nxe5 13. Qe2 Be6 14. Nd5 Rc8 15. b3 Re8 16. Bd2 Bxd5 17. exd5 Nxd3 18. Qxd3 Qd7 19. Rfe1 Bf6 20. Bc3 a6 21. Bxf6 exf6 22. Qd4 Kg7 23. Rxe8 Rxe8 24. c5 dxc5 25. Qxc5 Re2 26. Rd1 Rxa2 27. d6 Re2 28. Rd4 Re8 29. Qd5 Qe6 30. Qxe6 fxe6 31. Rc4 Rd8 32. Rc7+ Kh6 33. d7 b5 34. Ra7 Kg5 35. Rxa6 Rxd7 36. Rxe6 Rd1+ 37. Kh2 Rd3 38. h4+ Kf5 39. Re7 h5 40. Rb7 Rxb3 41. g3 Ke5 42. Rg7 Rc3 43. Rxg6 Rc5 44. Rh6 Kd4 45. Rxf6 b4 46. Rb6 Kc4 47. f3 b3 48. g4 Rb5 49. Rc6+ Rc5 50. Rb6 Rb5 51. Rc6+ Kd3 52. Rc1 b2 53. Rb1 Kc2 54. Rxb2+ Kxb2 55. Kg3 Kc3 56. gxh5 Rxh5 57. Kg4 Rh8 58. h5 Kd4 59. f4 Kd5 60. Kg5 Ke6 61. Kg6 Rg8+ 62. Kh6 Rg1 63. Kh7 Kf7 64. Kh6 Rg4 65. f5 Rg1 66. Kh7 Rg5 67. h6 Rh5 0-1

[Event "GER-chT U20"]
[Site "Willingen"]
[Date "2021.06.25"]
[Round "3"]
[White "Von Estorff, Jacob"]
[Black "Holinka, Henning"]
[Result "1/2-1/2"]
[WhiteElo "2125"]
[BlackElo "2256"]
[PlyCount "124"]
[EventDate "2021.06.24"]
[EventType "team-swiss"]
[EventRounds "7"]
[EventCountry "GER"]
[SourceTitle "CBM 203 Extra"]
[Source "ChessBase"]
[SourceDate "2021.09.30"]
[SourceVersion "1"]
[SourceVersionDate "2021.09.30"]
[SourceQuality "1"]
[WhiteTeam "Uelzen Post"]
[BlackTeam "Hamburger SK"]
[WhiteTeamCountry "GER"]
[BlackTeamCountry "GER"]

1. e4 g6 2. d4 Bg7 3. Nc3 a6 4. a4 b6 5. Be3 d6 6. Nf3 Nf6 7. Qd2 Bb7 8. Bd3 Ng4 9. Bf4 e5 10. dxe5 Nxe5 11. Nxe5 dxe5 12. Bh6 Bxh6 13. Qxh6 Nd7 14. Bc4 Qf6 15. Rd1 0-0-0 16. 0-0 Nc5 17. Qe3 Rd4 18. Rxd4 exd4 19. Qh3+ Kb8 20. Nd5 Qe5 21. Re1 Nxe4 22. Qd7 Qd6 23. Qxf7 Rf8 24. Qe7 Qxe7 25. Nxe7 Nd6 26. Bg8 Be4 27. Bxh7 Re8 28. Ng8 Bxc2 29. Rxe8+ Nxe8 30. Kf1 d3 31. Bxg6 Nd6 32. Ne7 c5 33. Nc6+ Kc7 34. Ne5 c4 35. h4 Kd8 36. h5 Ke7 37. h6 Kf6 38. h7 Kg7 39. Ke1 Bxa4 40. f4 a5 41. f5 Ne4 42. Nxc4 Bb5 43. Nd2 Nf6 44. Kf2 Bc6 45. Ke3 Bxg2 46. Nc4 Nxh7 47. Bxh7 Kxh7 48. Kxd3 Kg7 49. Nxb6 Kf6 50. Nc4 a4 51. Ne3 Bc6 52. Kd4 Bd7 53. Ke4 Bc6+ 54. Kf4 Bb7 55. Ng4+ Kf7 56. Ke5 Bc8 57. Ne3 Ba6 58. Nd5 Bc4 59. Nb6 Bb3 60. Nc8 Ba2 61. Nd6+ Ke7 62. f6+ Kf8 1/2-1/2

[Event "GER-chT U20"]
[Site "Willingen"]
[Date "2021.06.24"]
[Round "2"]
[White "Meiwes, Thore"]
[Black "Von Estorff, Jacob"]
[Result "0-1"]
[WhiteElo "2054"]
[BlackElo "2125"]
[PlyCount "186"]
[EventDate "2021.06.24"]
[EventType "team-swiss"]
[EventRounds "7"]
[EventCountry "GER"]
[SourceTitle "CBM 203 Extra"]
[Source "ChessBase"]
[SourceDate "2021.09.30"]
[SourceVersion "1"]
[SourceVersionDate "2021.09.30"]
[SourceQuality "1"]
[WhiteTeam "Lehrte"]
[BlackTeam "Uelzen Post"]
[WhiteTeamCountry "GER"]
[BlackTeamCountry "GER"]

1. d4 Nf6 2. Bf4 c5 3. e3 g6 4. c3 Bg7 5. Nd2 b6 6. Ngf3 Bb7 7. h3 d6 8. Be2 Nbd7 9. 0-0 0-0 10. Bh2 Re8 11. a4 e5 12. Nc4 Ne4 13. Nfd2 Nxd2 14. Qxd2 Nf6 15. dxe5 Ne4 16. Qc2 d5 17. Rfd1 Qh4 18. Bf3 dxc4 19. g3 Qxh3 20. Bxe4 Rab8 21. Bxb7 Rxb7 22. Qe4 Rbe7 23. Qxc4 Rxe5 24. Qf1 Qe6 25. a5 h5 26. axb6 axb6 27. Ra7 Rf5 28. Qg2 Bh6 29. Ra8 Kh7 30. Rxe8 Qxe8 31. Rd5 Rf6 32. g4 hxg4 33. Qxg4 Qa8 34. Qd1 Qa2 35. Rd2 Rf5 36. Bg3 Qc4 37. Qe2 Qe4 38. Rd3 Rh5 39. f3 Qe6 40. Kf2 Rh1 41. e4 Ra1 42. Rd1 Ra2 43. Qb5 Bg7 44. Rh1+ Kg8 45. Ke3 Bf6 46. Rh2 Ra5 47. Qd3 Bg5+ 48. f4 Qg4 49. Kf2 Be7 50. Qe2 Qe6 51. Kf3 Ra1 52. Qb5 Bf8 53. Qd3 Qc6 54. Qd8 Ra8 55. Qd3 Bg7 56. Rd2 Re8 57. Qd5 Qb5 58. Qd3 Qa4 59. Qc2 Qa1 60. Rd1 Qa2 61. Rd7 b5 62. Bf2 Qe6 63. Rd5 Qh3+ 64. Bg3 Bf8 65. e5 Ra8 66. Qg2 Qh5+ 67. Kf2 Ra1 68. Rd2 c4 69. Qd5 Qh3 70. Qg2 Bc5+ 71. Kf3 Qh5+ 72. Ke4 Qf5+ 73. Kf3 Kg7 74. Qh2 Rf1+ 75. Bf2 g5 76. Qg3 Qxf4+ 77. Qxf4 gxf4 78. Kxf4 Rxf2+ 79. Rxf2 Bxf2 80. Ke4 Kg6 81. Kd5 Be3 82. e6 f5 83. Kc6 Kf6 84. Kxb5 f4 85. Kxc4 f3 86. Kd3 f2 87. Ke2 Kxe6 88. c4 Ke5 89. b4 Kf4 90. c5 Kg3 91. Kf1 Bd4 92. c6 Bb6 93. b5 Bc7 0-1

[Event "GER-chT Christmas U20"]
[Site "Playchess.com INT"]
[Date "2020.12.29"]
[Round "2.2"]
[White "Von Estorff, Jacob"]
[Black "Brockhoff, Moritz"]
[Result "0-1"]
[WhiteElo "2125"]
[BlackElo "1985"]
[PlyCount "88"]
[EventDate "2020.12.29"]
[EventType "team-swiss (blitz)"]
[EventRounds "7"]
[EventCountry "GER"]
[SourceTitle "CBM 200 Extra"]
[Source "ChessBase"]
[SourceDate "2021.03.31"]
[SourceVersion "1"]
[SourceVersionDate "2021.03.31"]
[SourceQuality "1"]
[WhiteTeam "Uelzen Post"]
[BlackTeam "Paderborn Blauer Springer"]
[WhiteTeamCountry "GER"]
[BlackTeamCountry "GER"]

1. e4 e5 2. Nf3 Nf6 3. Nc3 Nc6 4. d4 exd4 5. Nxd4 Bb4 6. Nxc6 bxc6 7. Bd3 0-0 8. 0-0 Re8 9. Re1 d5 10. e5 Ng4 11. Bf4 d4 12. a3 dxc3 13. axb4 cxb2 14. Rb1 g6 15. h3 Qd4 16. Qf3 Nxe5 17. Qg3 f6 18. Qh4 Bd7 19. Re4 Qc3 20. Bxe5 fxe5 21. Qf6 Re6 22. Qg5 a5 23. Bc4 a4 24. Bxe6+ Bxe6 25. Ree1 a3 26. Qe7 Bf7 27. Qc5 Qxe1+ 28. Rxe1 a2 29. Qxc6 a1Q 30. Qc3 Qxe1+ 31. Qxe1 Ra1 32. Kf1 Rxe1+ 33. Kxe1 b1Q+ 34. Kd2 Qxb4+ 35. Kd3 Qd4+ 36. Ke2 Bc4+ 37. Ke1 e4 38. g3 g5 39. h4 g4 40. h5 h6 41. c3 Qxc3+ 42. Kd1 Bb3+ 43. Ke2 Qd3+ 44. Ke1 Qd1# 0-1

[Event "Lueneburg op-A"]
[Site "Lueneburg"]
[Date "2019.08.05"]
[Round "3"]
[White "Stork, Oliver"]
[Black "Von Estorff, Jacob"]
[Result "1/2-1/2"]
[WhiteElo "2322"]
[BlackElo "2055"]
[PlyCount "101"]
[EventDate "2019.08.03"]
[EventType "swiss"]
[EventRounds "9"]
[EventCountry "GER"]
[SourceTitle "CBM 191 Extra"]
[Source "ChessBase"]
[SourceDate "2019.09.30"]
[SourceVersion "1"]
[SourceVersionDate "2019.09.30"]
[SourceQuality "1"]

1. c4 e5 2. Nc3 Nc6 3. Nf3 d6 4. g3 g6 5. Bg2 Bg7 6. 0-0 Nge7 7. Rb1 a5 8. a3 0-0 9. b4 axb4 10. axb4 Be6 11. d3 h6 12. b5 Nd4 13. Ne1 c6 14. e3 Ndf5 15. Nc2 Qd7 16. Bd2 d5 17. cxd5 cxd5 18. Nb4 Rfc8 19. Qe2 Ra3 20. Rfc1 d4 21. Ne4 Qxb5 22. Nc6 Qxd3 23. Qxd3 Rxd3 24. Bf1 Rb3 25. Nxe7+ Nxe7 26. exd4 exd4 27. h4 Rxb1 28. Rxb1 Bd5 29. Bd3 Nc6 30. f4 Rc7 31. Kf2 f5 32. Nd6 Nd8 33. h5 Rd7 34. Ne8 Be4 35. Rb3 Bxd3 36. Rxd3 Kf7 37. Nxg7 Kxg7 38. hxg6 Kxg6 39. Rb3 Nc6 40. Kf3 h5 41. Rb5 Kf6 42. Ke2 Ke6 43. Kd3 Rf7 44. Be1 Kd6 45. Bf2 Kc7 46. Kc4 b6 47. Bxd4 Nxd4 48. Kxd4 Kc6 49. Re5 Kd6 50. Rb5 Kc6 51. Re5 1/2-1/2

[Event "Lueneburg op-A"]
[Site "Lueneburg"]
[Date "2019.08.04"]
[Round "2"]
[White "Von Estorff, Jacob"]
[Black "Kiesel, Lara"]
[Result "1-0"]
[WhiteElo "2055"]
[BlackElo "1636"]
[PlyCount "83"]
[EventDate "2019.08.03"]
[EventType "swiss"]
[EventRounds "9"]
[EventCountry "GER"]
[SourceTitle "CBM 191 Extra"]
[Source "ChessBase"]
[SourceDate "2019.09.30"]
[SourceVersion "1"]
[SourceVersionDate "2019.09.30"]
[SourceQuality "1"]

1. e4 c5 2. Nf3 Nc6 3. d4 cxd4 4. Nxd4 Nf6 5. Nc3 e5 6. Ndb5 d6 7. Bg5 a6 8. Na3 b5 9. Nd5 Be7 10. Bxf6 Bxf6 11. Be2 0-0 12. 0-0 Bg5 13. c3 f5 14. exf5 Bxf5 15. Nc2 Rf7 16. Nce3 Bxe3 17. Nxe3 Be6 18. a4 Rb8 19. axb5 axb5 20. Bf3 Na5 21. Bd5 Bxd5 22. Qxd5 Nc4 23. Ra7 Qf6 24. Nxc4 bxc4 25. Qxc4 Kf8 26. Ra6 g6 27. b4 Rd8 28. Qd5 e4 29. c4 Qf4 30. b5 Rf5 31. Qd4 Rh5 32. g3 Qe5 33. Rd1 Ke7 34. Ra7+ Rd7 35. Rxd7+ Kxd7 36. Qa7+ Ke6 37. Qe3 Rxh2 38. Kxh2 Qh5+ 39. Kg2 Qxd1 40. Qxe4+ Kd7 41. Qc6+ Ke7 42. b6 1-0

[Event "Lueneburg op-A"]
[Site "Lueneburg"]
[Date "2019.08.03"]
[Round "1"]
[White "Weidenhoefer, Max"]
[Black "Von Estorff, Jacob"]
[Result "0-1"]
[WhiteElo "1714"]
[BlackElo "2055"]
[PlyCount "68"]
[EventDate "2019.08.03"]
[EventType "swiss"]
[EventRounds "9"]
[EventCountry "GER"]
[SourceTitle "CBM 191 Extra"]
[Source "ChessBase"]
[SourceDate "2019.09.30"]
[SourceVersion "1"]
[SourceVersionDate "2019.09.30"]
[SourceQuality "1"]

1. e4 c5 2. Nf3 Nc6 3. d4 cxd4 4. Nxd4 g6 5. c4 Bg7 6. Be3 Nf6 7. Nc3 0-0 8. Be2 d6 9. 0-0 Bd7 10. f4 Rc8 11. b3 Qa5 12. Rc1 Rfe8 13. Bf3 Nxd4 14. Bxd4 Bc6 15. Nd5 Bxd5 16. exd5 Nd7 17. Bxg7 Kxg7 18. Qd4+ Nf6 19. Rf2 Qc5 20. Qxc5 Rxc5 21. Rd2 b5 22. Rd4 Rec8 23. Kf2 Nd7 24. Ke3 Nb6 25. Kd3 Kf6 26. g4 bxc4+ 27. bxc4 Ra5 28. Rc2 Na4 29. h3 Rb8 30. g5+ Kg7 31. Ke2 Nc5 32. Rdd2 Rb4 33. Ke3 Ra3+ 34. Kf2 Nd3+ 0-1

[Event "GER-ch U25-A"]
[Site "Willingen"]
[Date "2019.06.15"]
[Round "9"]
[White "Gerlach, Felix Tobias"]
[Black "Von Estorff, Jacob"]
[Result "1/2-1/2"]
[WhiteElo "2079"]
[BlackElo "2041"]
[PlyCount "113"]
[EventDate "2019.06.08"]
[EventType "swiss"]
[EventRounds "9"]
[EventCountry "GER"]
[SourceTitle "CBM 191 Extra"]
[Source "ChessBase"]
[SourceDate "2019.09.30"]
[SourceVersion "1"]
[SourceVersionDate "2019.09.30"]
[SourceQuality "1"]

1. c4 e5 2. g3 Nc6 3. Nc3 f5 4. Nf3 Nf6 5. d4 e4 6. Nh4 d6 7. Bh3 g6 8. 0-0 Bg7 9. f3 0-0 10. Bg5 exf3 11. Nxf3 h6 12. Bxf6 Qxf6 13. e3 Kh7 14. Qd3 Bd7 15. Nd5 Qd8 16. Rae1 Ne7 17. Nc3 c6 18. d5 cxd5 19. cxd5 Qb6 20. Rf2 Rae8 21. Nd4 Ng8 22. Rfe2 Nf6 23. Bg2 Ng4 24. Nf3 Re7 25. Bh3 Nf6 26. Nd2 Rfe8 27. Kg2 Ne4 28. Ncxe4 Bb5 29. Qb3 Bxe2 30. Qxb6 axb6 31. Nxd6 Rxe3 32. Nxe8 Rxe8 33. d6 Bb5 34. Rxe8 Bxe8 35. Nc4 b5 36. Nb6 Bc6+ 37. Kf1 Be5 38. Bg2 Bxd6 39. Bxc6 bxc6 40. Nc8 Bc5 41. a3 Kg7 42. b4 Bd4 43. Ne7 c5 44. Nc8 cxb4 45. axb4 Bc3 46. Nd6 Bxb4 47. Nxb5 g5 48. Kg2 Kf6 49. h3 Bc5 50. Kf3 h5 51. Nc3 Ke5 52. Nb5 Bd6 53. Nc3 Bb8 54. Nd1 Kd4 55. Ne3 g4+ 56. hxg4 fxg4+ 57. Nxg4 1/2-1/2

[Event "JBLN West 1819"]
[Site "Germany"]
[Date "2019.05.18"]
[Round "8.3"]
[White "Engel, Robert"]
[Black "Von Estorff, Jacob"]
[Result "1/2-1/2"]
[WhiteElo "2074"]
[BlackElo "2021"]
[PlyCount "111"]
[EventDate "2018.09.23"]
[EventType "team-tourn"]
[EventRounds "9"]
[EventCountry "GER"]
[SourceTitle "EXT 2020"]
[Source "ChessBase"]
[SourceDate "2019.10.17"]
[SourceVersion "1"]
[SourceVersionDate "2019.10.17"]
[SourceQuality "1"]
[WhiteTeam "Hamburger SK U20"]
[BlackTeam "Uelzen Post U20"]
[WhiteTeamCountry "GER"]
[BlackTeamCountry "GER"]

1. e4 c5 2. Nf3 Nc6 3. d4 cxd4 4. Nxd4 Nf6 5. Nc3 g6 6. Nxc6 dxc6 7. Qxd8+ Kxd8 8. Bc4 e6 9. a4 Nd7 10. Bf4 e5 11. Be3 Ke7 12. a5 Kf6 13. h4 Bc5 14. Bd2 Ke7 15. h5 b5 16. axb6 Nxb6 17. Bd3 Be6 18. Na4 Nxa4 19. Rxa4 f6 20. Ke2 Bb6 21. f3 Rac8 22. b3 g5 23. Bc4 Rhd8 24. g4 Bxc4+ 25. Rxc4 Rd4 26. Rxd4 Bxd4 27. c3 Bb6 28. Kd3 Rd8+ 29. Kc2 Rd7 30. Rd1 Kd8 31. Bc1 Rxd1 32. Kxd1 Kd7 33. Ke2 Bc5 34. Kd3 Kc7 35. Kc4 Bb6 36. Ba3 Kd7 37. Kb4 Kd6 38. Ka4+ Kd7 39. Kb4 Kd6 40. Kc4+ Kd7 41. Bc1 Kc7 42. Kb4 Kd6 43. Ka4 Kc7 44. b4 Kd7 45. b5 Bc5 46. Ka5 Kc7 47. Bd2 Kb7 48. Be1 Kc7 49. Ka6 Bb6 50. Bd2 c5 51. c4 h6 52. Bc3 Kc8 53. Be1 Kc7 54. Bc3 Kc8 55. Be1 Kc7 56. Bc3 1/2-1/2

[Event "JBLN West 1819"]
[Site "Germany"]
[Date "2019.05.05"]
[Round "7.3"]
[White "Von Estorff, Jacob"]
[Black "Karlisch, Moritz"]
[Result "1-0"]
[WhiteElo "2021"]
[BlackElo "1951"]
[PlyCount "63"]
[EventDate "2018.09.23"]
[EventType "team-tourn"]
[EventRounds "9"]
[EventCountry "GER"]
[SourceTitle "EXT 2020"]
[Source "ChessBase"]
[SourceDate "2019.10.17"]
[SourceVersion "1"]
[SourceVersionDate "2019.10.17"]
[SourceQuality "1"]
[WhiteTeam "Uelzen Post U20"]
[BlackTeam "Kiel Doppelbauer U20"]
[WhiteTeamCountry "GER"]
[BlackTeamCountry "GER"]

1. e4 e6 2. d4 d5 3. e5 c5 4. c3 Nc6 5. Nf3 Qb6 6. a3 c4 7. Be2 Bd7 8. 0-0 Na5 9. Nbd2 Ne7 10. Rb1 Qc7 11. Qe1 Ba4 12. Bd1 Bxd1 13. Qxd1 b6 14. Ne1 Nf5 15. Nc2 Be7 16. Qe2 0-0-0 17. Ne3 Nxe3 18. fxe3 Bg5 19. Nf3 Bh6 20. e4 Bxc1 21. Rbxc1 Nb3 22. Rcd1 h6 23. Rf2 Rhf8 24. Rdf1 b5 25. Nh4 Qe7 26. g3 dxe4 27. Qxe4 Kb8 28. Qc6 Qd7 29. Qxd7 Rxd7 30. Ng6 Rfd8 31. Rxf7 Kc7 32. Nf8 1-0

[Event "JBLN West 1819"]
[Site "Germany"]
[Date "2019.01.27"]
[Round "4.3"]
[White "Von Estorff, Jacob"]
[Black "Behringer, Tom"]
[Result "1-0"]
[WhiteElo "2021"]
[BlackElo "1852"]
[PlyCount "115"]
[EventDate "2018.09.23"]
[EventType "team-tourn"]
[EventRounds "9"]
[EventCountry "GER"]
[SourceTitle "EXT 2020"]
[Source "ChessBase"]
[SourceDate "2019.10.17"]
[SourceVersion "1"]
[SourceVersionDate "2019.10.17"]
[SourceQuality "1"]
[WhiteTeam "Uelzen Post U20"]
[BlackTeam "Goettingen Rochade U20"]
[WhiteTeamCountry "GER"]
[BlackTeamCountry "GER"]

1. e4 e5 2. Nf3 Nc6 3. Bb5 f5 4. d3 Nf6 5. 0-0 Bc5 6. Nc3 d6 7. Bg5 0-0 8. Bxc6 bxc6 9. d4 exd4 10. Nxd4 Qe8 11. exf5 Bxd4 12. Qxd4 Bxf5 13. Bxf6 Rxf6 14. Rfe1 Re6 15. Qd2 Qg6 16. Rxe6 Bxe6 17. Ne2 Rf8 18. b3 Rxf2 19. Kxf2 Qf6+ 20. Nf4 Qxa1 21. Nxe6 Qf6+ 22. Nf4 g5 23. g3 gxf4 24. Qxf4 Qg6 25. Qc4+ d5 26. Qe2 Qf6+ 27. Kg2 c5 28. Qe8+ Kg7 29. Qd7+ Kg6 30. Qxd5 Qe7 31. Qd3+ Kg7 32. a4 Qe5 33. h3 h5 34. g4 h4 35. Kf3 a5 36. Kf2 Qh2+ 37. Ke1 Qe5+ 38. Kd2 Qh2+ 39. Kc3 Qe5+ 40. Kc4 Kh6 41. Kb5 Kg7 42. Kc4 Kh6 43. Qc3 Qg3 44. Qf6+ Kh7 45. Qf5+ Kh6 46. Kxc5 Qc3+ 47. Kd5 Qd2+ 48. Qd3 Qg5+ 49. Kc6 Qe7 50. Qf5 Qd6+ 51. Kb7 Qe7 52. Qf4+ Kg6 53. Qxc7 Qe1 54. Qd6+ Kg5 55. Qd3 Kf4 56. Ka6 Qe6+ 57. Kxa5 Qe5+ 58. Kb4 1-0

[Event "JBLN West 1819"]
[Site "Germany"]
[Date "2018.12.02"]
[Round "3.3"]
[White "Von Estorff, Jacob"]
[Black "Andresen, Erik"]
[Result "1-0"]
[WhiteElo "2021"]
[BlackElo "1771"]
[PlyCount "91"]
[EventDate "2018.09.23"]
[EventType "team-tourn"]
[EventRounds "9"]
[EventCountry "GER"]
[SourceTitle "EXT 2020"]
[Source "ChessBase"]
[SourceDate "2019.10.17"]
[SourceVersion "1"]
[SourceVersionDate "2019.10.17"]
[SourceQuality "1"]
[WhiteTeam "Uelzen Post U20"]
[BlackTeam "Flensburg U20"]
[WhiteTeamCountry "GER"]
[BlackTeamCountry "GER"]

1. e4 c5 2. Nf3 d6 3. d4 cxd4 4. Nxd4 Nf6 5. Nc3 a6 6. Bc4 e6 7. a4 Be7 8. 0-0 Qc7 9. Bb3 0-0 10. Be3 Nc6 11. Qe2 Nxd4 12. Bxd4 b6 13. f3 Bb7 14. Rad1 Rac8 15. Qf2 Bd8 16. Rd2 d5 17. exd5 Nxd5 18. Nxd5 Bxd5 19. Bxd5 exd5 20. Rfd1 Qc6 21. c3 Qxa4 22. Bxb6 Bxb6 23. Qxb6 Rb8 24. Qf2 Rfd8 25. h3 h6 26. Rd4 Qb3 27. R1d2 a5 28. f4 a4 29. Qf3 Qa2 30. Qf2 Qb3 31. c4 Rb4 32. cxd5 Rxd4 33. Qxd4 a3 34. bxa3 Qxa3 35. d6 Kf8 36. Kh2 Qb3 37. f5 Qb8 38. f6 g6 39. Qe3 g5 40. Rd4 Kg8 41. Qg3 Qb2 42. Qe3 Qb7 43. h4 Kh7 44. hxg5 Rg8 45. Rh4 Rxg5 46. Qxg5 1-0

[Event "JBLN West 1819"]
[Site "Germany"]
[Date "2018.11.04"]
[Round "2.3"]
[White "Rietschel, Tilo"]
[Black "Von Estorff, Jacob"]
[Result "0-1"]
[WhiteElo "1979"]
[BlackElo "2021"]
[PlyCount "106"]
[EventDate "2018.09.23"]
[EventType "team-tourn"]
[EventRounds "9"]
[EventCountry "GER"]
[SourceTitle "EXT 2020"]
[Source "ChessBase"]
[SourceDate "2019.10.17"]
[SourceVersion "1"]
[SourceVersionDate "2019.10.17"]
[SourceQuality "1"]
[WhiteTeam "Luebeck SV U20"]
[BlackTeam "Uelzen Post U20"]
[WhiteTeamCountry "GER"]
[BlackTeamCountry "GER"]

1. e4 c5 2. Nf3 Nc6 3. d4 cxd4 4. Nxd4 g6 5. Be3 Nf6 6. Nc3 Bg7 7. Bc4 0-0 8. 0-0 Ne5 9. Bb3 Qc7 10. h3 a6 11. Bg5 e6 12. Qe2 d6 13. Rad1 Nc6 14. Nxc6 bxc6 15. Qf3 Nd7 16. Qg3 Nc5 17. Be3 Nxb3 18. axb3 Rd8 19. f4 d5 20. Bc5 a5 21. Na4 Rb8 22. Qe3 Ba6 23. Rfe1 Qb7 24. Bb6 Rdc8 25. Bxa5 d4 26. Qf2 c5 27. Kh1 Bb5 28. Ra1 Ra8 29. Bd2 Bxa4 30. bxa4 Qxb2 31. Rec1 Rcb8 32. Qf1 Qb7 33. Qd3 Qc6 34. a5 c4 35. Qf3 c3 36. Be1 Rb5 37. Rcb1 Raxa5 38. Bh4 Qa6 39. Qf1 Rxb1 40. Rxb1 Qxf1+ 41. Rxf1 Ra2 42. Rc1 f6 43. Kg1 Kf7 44. Bf2 e5 45. Kf1 Bh6 46. g3 exf4 47. gxf4 Bxf4 48. Rb1 Be5 49. Rc1 g5 50. Kg2 Bf4 51. Rd1 Rxc2 52. Rxd4 Rxf2+ 53. Kxf2 c2 0-1

[Event "GER-chT U16"]
[Site "Walldorf"]
[Date "2017.12.30"]
[Round "7.1"]
[White "Koll, Lukas"]
[Black "Von Estorff, Jacob"]
[Result "1/2-1/2"]
[WhiteElo "1883"]
[BlackElo "1937"]
[PlyCount "56"]
[EventDate "2017.12.26"]
[EventType "team-swiss"]
[EventRounds "7"]
[EventCountry "GER"]
[SourceTitle "CBM 182 Extra"]
[Source "ChessBase"]
[SourceDate "2018.02.23"]
[SourceVersion "1"]
[SourceVersionDate "2018.02.23"]
[SourceQuality "1"]
[WhiteTeam "Karlsruhe SF"]
[BlackTeam "Uelzen Post"]
[WhiteTeamCountry "GER"]
[BlackTeamCountry "GER"]

1. Nf3 d5 2. g3 Nd7 3. d4 e6 4. Bg2 Ngf6 5. 0-0 Bd6 6. c4 0-0 7. Qc2 dxc4 8. Qxc4 e5 9. dxe5 Nxe5 10. Nxe5 Bxe5 11. Nc3 c6 12. Bf4 Be6 13. Qa4 Bxf4 14. Qxf4 Qb6 15. Qd2 Rad8 16. Qc2 Nd5 17. Nxd5 Bxd5 18. Bxd5 Rxd5 19. Rad1 Rfd8 20. Rxd5 Rxd5 21. Rd1 Rxd1+ 22. Qxd1 g6 23. Qd2 c5 24. b3 Qc7 25. Qd3 Qc6 26. Qd8+ Kg7 27. Qb8 a6 28. Qe5+ Kg8 1/2-1/2

[Event "GER-chT U16"]
[Site "Walldorf"]
[Date "2017.12.27"]
[Round "2.1"]
[White "Elier, Ali"]
[Black "Von Estorff, Jacob"]
[Result "1-0"]
[WhiteElo "1885"]
[BlackElo "1937"]
[PlyCount "111"]
[EventDate "2017.12.26"]
[EventType "team-swiss"]
[EventRounds "7"]
[EventCountry "GER"]
[SourceTitle "CBM 182 Extra"]
[Source "ChessBase"]
[SourceDate "2018.02.23"]
[SourceVersion "1"]
[SourceVersionDate "2018.02.23"]
[SourceQuality "1"]
[WhiteTeam "Brackel"]
[BlackTeam "Uelzen Post"]
[WhiteTeamCountry "GER"]
[BlackTeamCountry "GER"]

1. e4 c5 2. d4 cxd4 3. c3 d5 4. exd5 Qxd5 5. Nf3 Nc6 6. cxd4 e6 7. Nc3 Bb4 8. Bd2 Qd6 9. Nb5 Bxd2+ 10. Qxd2 Qb8 11. Qg5 Kf8 12. Rc1 Nge7 13. Bc4 a6 14. Nc3 b5 15. Bb3 Bb7 16. 0-0 Qd8 17. Rfd1 Na5 18. d5 Nxd5 19. Bxd5 exd5 20. Nxd5 Qxg5 21. Nxg5 h6 22. Ne4 g6 23. Nb6 Re8 24. Nd6 Re7 25. b4 Nc4 26. Nbxc4 bxc4 27. Nxb7 Rxb7 28. Rd8+ Kg7 29. Rxh8 Kxh8 30. Rxc4 a5 31. a3 axb4 32. axb4 Kg7 33. f3 Kf6 34. Re4 Kg5 35. Kf2 f5 36. Rd4 Kf6 37. Ke3 Ke5 38. Kd3 g5 39. g3 h5 40. f4+ Kf6 41. Kc4 Rc7+ 42. Kd5 Rc2 43. fxg5+ Kxg5 44. h4+ Kf6 45. b5 Rc3 46. b6 Rxg3 47. Rb4 Rg8 48. b7 Rb8 49. Kd6 Rd8+ 50. Kc7 Rf8 51. b8Q Rxb8 52. Kxb8 Ke5 53. Kc7 f4 54. Rb5+ Ke4 55. Rxh5 f3 56. Rh7 1-0

[Event "Lueneburg distr-ch U16/18"]
[Site "Lueneburg"]
[Date "2017.10.11"]
[Round "7"]
[White "Von Estorff, Jacob"]
[Black "Knuedel, Torben"]
[Result "1-0"]
[WhiteElo "1937"]
[BlackElo "1825"]
[PlyCount "41"]
[EventDate "2017.10.09"]
[EventType "swiss"]
[EventRounds "7"]
[EventCountry "GER"]
[SourceTitle "EXT 2019"]
[Source "ChessBase"]
[SourceDate "2018.10.10"]
[SourceVersion "1"]
[SourceVersionDate "2018.10.10"]
[SourceQuality "1"]

1. e4 e6 2. d4 d5 3. Nd2 Be7 4. c3 dxe4 5. Nxe4 Bd7 6. Be2 Bc6 7. Bf3 Bxe4 8. Bxe4 c6 9. Nf3 Nf6 10. Bc2 0-0 11. 0-0 Qc7 12. Ne5 Nbd7 13. Bf4 Bd6 14. Re1 Rfd8 15. Qf3 Nf8 16. Re2 Ng6 17. Bg3 Nd7 18. Qxf7+ Kh8 19. Nxg6+ hxg6 20. Bxd6 Qxd6 21. Re3 1-0